000 01072nam a2200301Ia 4500
003 OSt
005 20221007124914.0
006 a|||||r|||| 00| 0
007 ta
008 221006b |||||||| |||| 00| 0 eng d
020 _a9781632384867 (hbk)
024 _a199207
037 _b1775, 12/03/2018, Indica Publishers & Distributors Pvt. Ltd.
_cTextual
040 _aCDL
_cCDL
_beng
041 _2eng
_aeng
082 _aE, Q6 Carc
100 _aCole Gerald
_9514028
245 0 _aEssentials of chemistry
260 _aNew
_bYork Ny Research
_c2016
300 _avii,251p ill.
_ccm.
500 _aPermissions 249p.; List of contributors 250-251p.
650 _a Adsorption studies of lead by enteromorpha
_9720918
650 _a Increasing the stability of metal-organic frameworks
_9720919
650 _a Study of swelling properties and thermal behavior of poly
_9720920
650 _aChemistry
942 _hE, Q6 Carc
_cTEXL
_2CC
999 _c1214350
_d1214350